[Event "TCh-Belgrade Premier liga 2013"]
[Site "Belgrade SRB"]
[Date "2013.10.21"]
[Round "10.3"]
[White "Stosic,S"]
[Black "Cvetkovic,N"]
[Result "1/2-1/2"]
[WhiteElo "2162"]
[BlackElo "2253"]

1.d4 d5 2.Nf3 c6 3.c4 Nf6 4.Nc3 e6 5.e3 Nbd7 6.Bd3 Bd6 7.O-O O-O 8.Qe2 Qe7
9.e4 dxe4 10.Nxe4 Nxe4 11.Qxe4 Nf6  1/2-1/2

[Event "29th ECC Open 2013"]
[Site "Rhodes GRE"]
[Date "2013.10.21"]
[Round "2.1"]
[White "Ermeni,A"]
[Black "Nachbar,B"]
[Result "1-0"]
[WhiteElo "2274"]
[BlackElo "2188"]

1.d4 d5 2.Nf3 c6 3.c4 Nf6 4.e3 e6 5.Nc3 Nbd7 6.Qc2 Be7 7.g4 Bb4 8.Rg1 O-O
9.Bd3 dxc4 10.Bxc4 Re8 11.Bd2 Nd5 12.O-O-O Nxc3 13.bxc3 Bf8 14.e4 b5 15.Bd3 e5
16.dxe5 Nxe5 17.Nxe5 Rxe5 18.f4 Re8 19.e5 g6 20.Be4 Qb6 21.h4 Be6 22.h5 Bd5
23.hxg6 hxg6 24.Rg3 Qf2 25.Rh3 Qe2 26.Rdh1 Ba3+ 27.Kb1 Kf8 28.Bxd5 cxd5 29.c4 bxc4
30.Bb4+  1-0

[Event "17th Unive Open 2013"]
[Site "Hoogeveen NED"]
[Date "2013.10.23"]
[Round "6.21"]
[White "Wunnink,M"]
[Black "Gieben,Stijn"]
[Result "1-0"]
[WhiteElo "2244"]
[BlackElo "2022"]

1.d4 d5 2.c4 c6 3.Nc3 Nf6 4.Nf3 e6 5.e3 Nbd7 6.Qc2 Bd6 7.Bd3 O-O 8.O-O dxc4
9.Bxc4 b5 10.Be2 Bb7 11.e4 e5 12.Rd1 exd4 13.Nxd4 Qc7 14.g3 Rfe8 15.Bf3 a6
16.a3 Be5 17.Nf5 g6 18.Nh6+ Kg7 19.Bg2 c5 20.Bg5 Nf8 21.f4 Bd4+ 22.Rxd4 cxd4
23.Bxf6+ Kxh6 24.f5 g5 25.Qd2 Ne6 26.fxe6 Qc5 27.Bxd4  1-0

[Event "29th ECC Open 2013"]
[Site "Rhodes GRE"]
[Date "2013.10.23"]
[Round "4.5"]
[White "Kryakvin,D"]
[Black "Lehtioksa,J"]
[Result "1-0"]
[WhiteElo "2584"]
[BlackElo "2186"]

1.c4 e6 2.Nc3 d5 3.d4 c6 4.e3 Nf6 5.Nf3 Be7 6.Bd3 dxc4 7.Bxc4 b5 8.Bd3 a6
9.Qc2 Bb7 10.O-O Nbd7 11.a4 c5 12.axb5 Bxf3 13.gxf3 cxd4 14.Ne4 axb5 15.Nxf6+ gxf6
16.Rxa8 Qxa8 17.Be4 Qb8 18.exd4 Bd6 19.Kh1 Ke7 20.Qd2 h6 21.Re1 Rg8 22.d5 Rg5
23.f4 Rh5 24.dxe6 fxe6 25.Qe2 Rh4 26.Bd5 e5 27.Rg1 Qc7 28.Be3 Bc5 29.Qxb5 Bxe3
30.fxe3 Kd6 31.Bf3 e4 32.Qb4+ Nc5 33.Qd4+ Ke6 34.Qc4+ Kd6 35.Rd1+ Ke7 36.Qg8 Qc6
37.Qh7+ Ke8 38.Rg1 Ne6 39.Bxe4 Qd6 40.Ra1  1-0

[Event "29th ECC Open 2013"]
[Site "Rhodes GRE"]
[Date "2013.10.23"]
[Round "4.1"]
[White "Sasikiran,K"]
[Black "Shirov,A"]
[Result "0-1"]
[WhiteElo "2662"]
[BlackElo "2685"]

1.d4 d5 2.c4 c6 3.Nf3 Nf6 4.Nc3 e6 5.e3 Nbd7 6.Bd3 dxc4 7.Bxc4 b5 8.Bd3 Bb7
9.a3 Bd6 10.O-O O-O 11.e4 e5 12.Bc2 Qc7 13.Kh1 Rad8 14.Qe1 Rfe8 15.Bg5 exd4
16.Nxd4 h6 17.Bh4 Bxh2 18.g3 g5 19.Qc1 gxh4 20.Qxh6 Re5 21.Qf4 hxg3 22.Nf5 g2+
23.Kxh2 gxf1=Q 24.Rxf1 Nf8 25.Nh6+ Kh7 26.Nf5 Ng4+ 27.Kg2 Ng6 28.Rh1+ Kg8
29.Qxg4 c5 30.Rh6 Rxf5 31.Qxf5 Rd2 32.Nd5 Bxd5 33.exd5 Qd6 34.Kf1 Rxd5 35.Qf3 Kg7
36.Rh1 Rd2 37.Qc3+ Qd4 38.Qxd4+ cxd4 39.Be4 Nf4 40.Rh7+ Kg8 41.f3 Rxb2 42.Rh4 Ne6
43.Bd5 d3 44.Ke1 Nc5 45.Rd4 a5 46.Kd1 b4 47.axb4 Rb1+ 48.Kd2 Rxb4 49.Rg4+ Rxg4
50.fxg4 a4 51.g5 Kg7 52.Bc4 Kg6 53.Ke3 Kg7 54.Kd2 Kf8 55.Ke3 Ke8 56.Kd2 Ke7
57.Kc3 Kf8 58.Kd2 Kg7 59.Ke3 a3 60.Kd2 Na6 61.Kc3 Nb4 62.Bb3 a2 63.Kb2 d2  0-1

[Event "29th ECC Open 2013"]
[Site "Rhodes GRE"]
[Date "2013.10.24"]
[Round "5.7"]
[White "Ostenstad,B"]
[Black "Sumets,A"]
[Result "1/2-1/2"]
[WhiteElo "2465"]
[BlackElo "2598"]

1.c4 Nf6 2.Nc3 e6 3.Nf3 d5 4.d4 c6 5.e3 Nbd7 6.Qc2 Bd6 7.Bd3 O-O 8.O-O dxc4
9.Bxc4 a6 10.h3 c5 11.dxc5 Nxc5 12.a4 b6 13.e4 Ncd7 14.Rd1 Qc7 15.Qd3 Bb4
16.Bd2 Bb7 17.Qe2 Rfc8 18.Ba2 Bxc3 19.Bxc3 Bxe4 20.Ng5 Bg6 21.Rac1 Nf8 22.Qe3 Qb7
23.Rd6 b5 24.a5 h6 25.Nf3 Qe7 26.Bb4 Rxc1+ 27.Qxc1 Be4 28.Ne5 Rd8 29.Nc6 Bxc6
30.Qxc6 Rxd6 31.Bxd6 Qd8 32.Qxa6 Ne4 33.Bxf8 Kxf8 34.Qxb5 Qd1+ 35.Kh2 Qd6+
36.Kg1 Qd1+ 37.Kh2 Qd6+ 38.Kg1  1/2-1/2

[Event "17th OIBM 2013"]
[Site "Bad Wiessee GER"]
[Date "2013.10.26"]
[Round "2.19"]
[White "Albrecht,R"]
[Black "Bluebaum,M"]
[Result "0-1"]
[WhiteElo "2129"]
[BlackElo "2510"]

1.d4 d5 2.c4 e6 3.Nc3 c6 4.e3 Nf6 5.Nf3 Nbd7 6.b3 Bb4 7.Bd2 Qe7 8.Qc2 O-O
9.Be2 b6 10.O-O Bb7 11.Ne5 Nxe5 12.dxe5 Nd7 13.f4 f6 14.exf6 Nxf6 15.Rad1 Rad8
16.g4 h6 17.h4 dxc4 18.bxc4 Rxd2 19.Rxd2 Bxc3 20.Qxc3 Ne4 21.Qc2 Nxd2 22.Qxd2 Qxh4
23.Qd7 Qg3+ 24.Kh1 Qh3+ 25.Kg1 Qxe3+ 26.Rf2 Ba8  0-1

[Event "29th ECC Open 2013"]
[Site "Rhodes GRE"]
[Date "2013.10.26"]
[Round "7.9"]
[White "Penalver,O"]
[Black "De Graaf,D"]
[Result "1/2-1/2"]
[WhiteElo "2264"]
[BlackElo "2199"]

1.d4 d5 2.c4 c6 3.Nf3 Nf6 4.e3 e6 5.Nc3 Be7 6.b3 a6 7.Bd3 b5 8.O-O Nbd7 9.Qe2 Bb7
10.a3 bxc4 11.bxc4 c5 12.cxd5 exd5 13.dxc5 Nxc5 14.Nd4 O-O 15.Nf5 Re8 16.Bb2 Bf8
17.Bc2 Rb8 18.Na4 Bc6 19.Bxf6 Qxf6 20.Nxc5 Bxc5 21.Qxa6 Rb2 22.Ba4 Bxa4 23.Qxa4 Reb8
24.Nd4 g6 25.Nf3 Qe7 26.Qc6 Bxa3 27.Qxd5 Qd6 28.Qe4 Qe7 29.Qc4 R2b7 30.Rad1 Qc7
31.Qd5 Bf8 32.h4 Bg7 33.Ng5 Qe7 34.g3 h6 35.Nf3 Rb5 36.Qc6 R5b6 37.Qd7 Qe4
38.Qd5 Qg4 39.Ne5 Qe6 40.Nd7 Qxd5 41.Rxd5 Rb5 42.Rxb5 Rxb5 43.Rc1 Rb7 44.Rc8+ Kh7
45.Nf8+ Bxf8 46.Rxf8 Kg7 47.Ra8 Rc7 48.Kg2 h5 49.Kf3 Rc2 50.Ra7 Rb2 51.e4 Rc2
52.e5 Rc6 53.Ke4 Kf8 54.Rd7 Ra6 55.Rd6 Ra2 56.f3 Re2+ 57.Kf4 Kg7 58.Rd4 Ra2
59.Rd6 Ra4+ 60.Ke3 Ra1 61.Rd3 Ra4 62.Rd4 Ra1 63.Ke4 Re1+ 64.Kf4 Ra1 65.Re4 Ra6
66.g4 hxg4 67.Kxg4 f5+ 68.exf6+ Kxf6 69.Rf4+ Kg7 70.Rb4 Kh6 71.Rb7 Ra4+ 72.f4 Ra1
73.Rb6 Rg1+ 74.Kf3 Kg7 75.Rb5 Rf1+ 76.Kg3 Rg1+ 77.Kf2 Rg4 78.h5  1/2-1/2

[Event "Pankrac Cup 2013"]
[Site "Prague CZE"]
[Date "2013.10.29"]
[Round "8"]
[White "Pesout,J"]
[Black "Vetrovsky,M"]
[Result "1/2-1/2"]
[WhiteElo "2211"]
[BlackElo "2241"]

1.Nf3 d5 2.d4 c6 3.e3 Nf6 4.c4 e6 5.Nc3 Nbd7 6.Bd3 dxc4 7.Bxc4 b5 8.Bb3 a6
9.O-O Bb7 10.Qe2 c5 11.Rd1 Qb6 12.d5 c4 13.dxe6 fxe6 14.Bc2 Bc5 15.h3 O-O
16.e4 e5 17.Bg5 Rae8 18.Rd2 h6 19.Bh4 Qe6 20.Rad1 Bc6 21.Nd5 Bxd5 22.exd5 Qf7
23.Bg3 Nh5 24.Bh2 Nf4 25.Bxf4 exf4 26.Qf1 Qf6 27.Nd4 Bxd4 28.Rxd4 f3 29.g3 Re2
30.Bb1 Rxb2 31.Rf4 Qd6 32.Bf5 Nc5 33.Rxf3 g6 34.Bg4 Rxf3 35.Bxf3 Nd3 36.Be2 Qxd5
37.Bxd3 cxd3 38.Rxd3 Qf5 39.a3 Kh7 40.g4 Qf7  1/2-1/2

[Event "Chinese Zonal w 2013"]
[Site "Zhongshan CHN"]
[Date "2013.10.29"]
[Round "1.11"]
[White "Xiao,Yiyi"]
[Black "Zhao,Shengxin"]
[Result "1-0"]
[WhiteElo "2187"]
[BlackElo "1805"]

1.d4 d5 2.c4 c6 3.Nc3 Nf6 4.e3 e6 5.Nf3 Nbd7 6.Qc2 Bd6 7.Be2 O-O 8.O-O Qe7
9.Rd1 b6 10.e4 Nxe4 11.Nxe4 dxe4 12.Qxe4 Bb7 13.Bg5 Nf6 14.Qc2 Rfd8 15.Re1 Rac8
16.Rad1 h6 17.Bh4 Bb4 18.Rf1 Rc7 19.Ne5 g5 20.Bg3 Bd6 21.h4 c5 22.dxc5 Rxc5
23.Ng6 Qc7 24.Qc3 Kg7 25.b4 Rf5 26.hxg5 hxg5 27.Rxd6 Rxd6 28.Bxd6 Qxd6 29.g4 Kxg6
30.gxf5+ exf5 31.Qh3 g4 32.Qh2 f4 33.Rd1 Qe5 34.Bd3+ Kg5 35.Kf1 Ne4 36.Be2 Nf6
37.Re1 g3 38.Qh8 Qe4 39.Qg7+ Kf5 40.Bg4+ Nxg4 41.Qxf7+ Kg5 42.Rxe4  1-0

[Event "14th Liberec Open"]
[Site "Liberec CZE"]
[Date "2013.10.30"]
[Round "6.9"]
[White "Naslund,M"]
[Black "Bodnar,Z"]
[Result "1-0"]
[WhiteElo "2137"]
[BlackElo "2200"]

1.d4 d5 2.c4 e6 3.Nc3 Nf6 4.Nf3 c6 5.e3 Nbd7 6.Bd3 Bd6 7.O-O O-O 8.e4 dxe4
9.Nxe4 Nxe4 10.Bxe4 f5 11.Bc2 h6 12.Re1 Nf6 13.Bd2 Qc7 14.Bc3 b5 15.b3 a5
16.Bd3 Bd7 17.Rc1 b4 18.Bb2 Rae8 19.Rc2 Qd8 20.Rce2 Nh5 21.g3 Nf6 22.Ne5 Nh7
23.Nxd7 Qxd7 24.d5 cxd5 25.cxd5 Ng5 26.Rxe6 Nxe6 27.dxe6 Qe7 28.h4 Rd8 29.Qf3 f4
30.Qe4  1-0

[Event "2nd Karpov Playoff"]
[Site "Cap d'Agde FRA"]
[Date "2013.10.31"]
[Round "2"]
[White "Pelletier,Y"]
[Black "Muzychuk,M"]
[Result "0-1"]
[WhiteElo "2578"]
[BlackElo "2491"]

1.d4 d5 2.c4 c6 3.Nc3 Nf6 4.e3 e6 5.Nf3 Nbd7 6.Bd3 dxc4 7.Bxc4 b5 8.Bd3 a6
9.a4 b4 10.Ne4 Nxe4 11.Bxe4 Bb7 12.Nd2 Nf6 13.Bf3 Be7 14.O-O O-O 15.a5 Qc7
16.Nb3 c5 17.Bxb7 Qxb7 18.dxc5 Ne4 19.Qc2 Rac8 20.Bd2 Rfd8 21.Rfd1 Nxc5 22.Nxc5 Rxc5
23.Qb3 Rcd5 24.Be1 h6 25.g3 Qb5 26.Rxd5 Rxd5 27.Qc2 Bf6 28.Ra4 b3 29.Qc8+ Rd8
30.Qc4 Qxc4 31.Rxc4 Rd1 32.Kf1 Bxb2 33.Ke2 Rb1 34.Rc8+ Kh7 35.Rb8 Be5 36.Rb6 b2
37.f4 Bf6 38.Bd2 Ra1  0-1

[Event "3rd Panama Open"]
[Site "Panama City PAN"]
[Date "2013.10.31"]
[Round "2.43"]
[White "Barria,R"]
[Black "Miranda Llanes,Y"]
[Result "0-1"]
[WhiteElo "1951"]
[BlackElo "2224"]

1.d4 d5 2.c4 c6 3.e3 Nf6 4.Nf3 e6 5.Nc3 Nbd7 6.Be2 Bd6 7.O-O O-O 8.b3 b6
9.Bb2 Bb7 10.Bd3 c5 11.Re1 Ne4 12.Qc2 f5 13.Nb5 Bb8 14.Ne5 a6 15.Na3 Qe7
16.f3 Nef6 17.Qe2 Bd6 18.Nb1 g6 19.Nd2 a5 20.Rac1 a4 21.Bb1 Rfc8 22.Qf2 Nh5
23.Kh1 Qg7 24.cxd5 exd5 25.f4 Bxe5 26.fxe5 Nf8 27.Rc2 Ne6 28.Rec1 Qe7 29.Nf3 axb3
30.axb3 Nhg7 31.Kg1 Ba6 32.Qd2 Qd7 33.Ba2 Bb7 34.Bb1 Rf8 35.dxc5 Nxc5 36.Rc3 Nge6
37.Nd4 Ng5 38.Qd1 Nge4 39.Bxe4 fxe4 40.b4 Qf7 41.Qe2 Ba6 42.b5 Bc8 43.Ba3 Bg4
44.Qe1 Nd3 45.Rxd3 exd3 46.Bxf8 Rxf8 47.h3 Bf5 48.Rc6 Be4 49.Rf6 Qe7 50.Nc6 Qe8
51.Qf2 Rxf6 52.Qxf6 d2 53.Ne7+ Qxe7 54.Qxe7 d1=Q+ 55.Kh2 Qf1 56.Qd8+ Kg7
57.Qe7+ Qf7 58.Qh4 Qe6 59.Qf4 Qf5 60.Qg3  0-1

[Event "TCh-NOR Eliteserien 2013-14"]
[Site "Oslo NOR"]
[Date "2013.11.01"]
[Round "1.3"]
[White "Thorstensen,T"]
[Black "Johansen,P"]
[Result "1/2-1/2"]
[WhiteElo "2219"]
[BlackElo "2088"]

1.d4 d5 2.Nf3 Nf6 3.c4 c6 4.e3 e6 5.Nc3 Nbd7 6.Qc2 a6 7.Bd2 Be7 8.Rc1 O-O
9.Bd3 h6 10.O-O b5 11.b3 Ba3 12.Rcd1 Bd6 13.e4 dxe4 14.Nxe4 Nxe4 15.Bxe4 Bb7
16.Bc3 Nf6 17.Ne5 Nxe4 18.Qxe4 Qc7 19.c5 Be7 20.b4 Rad8 21.f4 Rd5 22.Rd3 f5
23.Qe2 Bf6 24.Re3 Bxe5 25.Rxe5 Rxe5 26.dxe5 Rd8 27.Rd1  1/2-1/2

[Event "Stockholm All Saints Open 2013"]
[Site "Stockholm SWE"]
[Date "2013.11.02"]
[Round "6.12"]
[White "Wihlborn,B"]
[Black "Kostlan,J"]
[Result "0-1"]
[WhiteElo "1835"]
[BlackElo "1966"]

1.Nf3 d5 2.c4 c6 3.e3 e6 4.Nc3 Nf6 5.d4 Bd6 6.Bd3 dxc4 7.Bxc4 Nbd7 8.O-O b6
9.e4 Bc7 10.Qe2 h6 11.h3 Qe7 12.Be3 a5 13.Rac1 b5 14.Bd3 Bb7 15.Rfd1 O-O
16.Bb1 Nb6 17.e5 Nfd5 18.Qd3 f5 19.exf6 Nxf6 20.Ne4 Nbd5 21.Ne5 Nb4 22.Nxf6+ gxf6
23.Qg6+ Qg7 24.Nd7 Rf7 25.Nc5 Qxg6 26.Bxg6 Rg7 27.Bb1 Bc8 28.Bxh6 Re7 29.a3 Nd5
30.Ba2 Rh7 31.Be3 f5 32.Bxd5 cxd5 33.Nd3 Ra7 34.Bf4 Ba6 35.Rc6 b4 36.Rxe6 Bxd3
37.Bxc7 Bc2  0-1

[Event "3rd Panama Open"]
[Site "Panama City PAN"]
[Date "2013.11.04"]
[Round "7.9"]
[White "Hevia,A"]
[Black "Ruiz Sanchez,O"]
[Result "1/2-1/2"]
[WhiteElo "2512"]
[BlackElo "2420"]

1.d4 d5 2.c4 c6 3.Nc3 Nf6 4.e3 e6 5.Nf3 Nbd7 6.Qc2 Bd6 7.Bd3 O-O 8.O-O dxc4
9.Bxc4 b5 10.Be2 Bb7 11.Rd1 Qb8 12.e4 e5 13.g3 Re8 14.dxe5 Nxe5 15.Bg5 Ned7
16.Rd2 h6 17.Rad1 hxg5 18.Rxd6 g4 19.Nh4 Ne5 20.Nf5 Bc8 21.Rd8 Qb6 22.Ne7+ Kh7
23.Rxe8 Nxe8 24.Qd2 Qc5 25.Ncd5 f6 26.b4 Qd6 27.Nxc8 Rxc8 28.Qf4 Nf3+ 29.Bxf3 Qxf4
30.Nxf4 gxf3 31.Rd3 a5 32.a3 c5 33.bxc5 Rxc5 34.Rxf3 Nd6 35.Rd3 Rc4 36.e5 Rc1+
37.Kg2 Nc4 38.Rb3  1/2-1/2

[Event "Chinese Zonal w 2013"]
[Site "Zhongshan CHN"]
[Date "2013.11.04"]
[Round "7.6"]
[White "Gu,T"]
[Black "Wang Xinyue"]
[Result "1-0"]
[WhiteElo "1984"]
[BlackElo "2126"]

1.d4 d5 2.c4 c6 3.Nc3 Nf6 4.Nf3 e6 5.e3 Nbd7 6.Qc2 Bd6 7.Bd3 dxc4 8.Bxc4 b5
9.Bd3 Bb7 10.e4 e5 11.Bg5 h6 12.Bh4 O-O 13.Rd1 b4 14.Ne2 Qa5 15.O-O exd4
16.Nexd4 Qh5 17.Nf5 Bf4 18.Be2 c5 19.Ng5 Ng4 20.Bxg4 Qxg4 21.h3  1-0

[Event "Chinese Zonal w 2013"]
[Site "Zhongshan CHN"]
[Date "2013.11.05"]
[Round "8.15"]
[White "Huang,Mofei"]
[Black "Li,Xinyu"]
[Result "1/2-1/2"]
[WhiteElo "1984"]
[BlackElo "1699"]

1.d4 d5 2.Nf3 Nf6 3.c4 e6 4.e3 c6 5.Nc3 Nbd7 6.Qc2 Bd6 7.Be2 dxc4 8.Bxc4 b5
9.Bd3 Bb7 10.Ne4 Nxe4 11.Bxe4 Rc8 12.Bd2 Qe7 13.a3 f5 14.Bd3 c5 15.Bxb5 cxd4
16.Qa4 dxe3 17.fxe3 a6 18.Bxd7+ Qxd7 19.Qxd7+ Kxd7 20.Bc3 Rhg8 21.h4 Ke7
22.Kf2 Rc4 23.h5 Rg4 24.Rhd1 Bd5 25.Bd4 Rc8 26.Rac1 Rxc1 27.Rxc1 Kd7 28.b4 f4
29.exf4 Bxf4 30.Rc3 Bg3+  1/2-1/2

[Event "Chinese Zonal w 2013"]
[Site "Zhongshan CHN"]
[Date "2013.11.06"]
[Round "9.10"]
[White "Yuan,Ye"]
[Black "Liu,Hongyan"]
[Result "0-1"]
[WhiteElo "2037"]
[BlackElo "2058"]

1.d4 d5 2.Nf3 Nf6 3.c4 c6 4.Nc3 e6 5.e3 Nbd7 6.Qc2 Bd6 7.Be2 O-O 8.O-O dxc4
9.Bxc4 b5 10.Be2 Bb7 11.Rd1 Qe7 12.e4 e5 13.dxe5 Nxe5 14.Nd4 Bc5 15.Nf5 Qc7
16.h3 Qb6 17.Be3 Bxe3 18.Nxe3 Rfe8 19.Nf5 Ng6 20.Nd6 Re6 21.Rd2 a6 22.b4 Rf8
23.a4 Ba8 24.Rad1 Nd5 25.exd5 Rxd6 26.a5 Qb8 27.Ne4 Rxd5 28.Nc5 Qf4 29.Nxa6 Rg5
30.Rd8 c5 31.Bg4 h5 32.g3 Qf6 33.R8d6 Qe5 34.Nxc5 hxg4 35.Nd7 Qe7 36.h4 Rh5
37.Nxf8 Nxh4 38.gxh4 Qxh4 39.Kf1 Bf3 40.Ke1 Qe7+ 41.Re6 Qxb4+  0-1

[Event "Chinese Zonal w 2013"]
[Site "Zhongshan CHN"]
[Date "2013.11.07"]
[Round "10.5"]
[White "Wang Doudou"]
[Black "Li Xueyi"]
[Result "0-1"]
[WhiteElo "2226"]
[BlackElo "2134"]

1.d4 Nf6 2.c4 e6 3.Nf3 d5 4.e3 c6 5.Nc3 Nbd7 6.Bd3 dxc4 7.Bxc4 b5 8.Bd3 Bd6
9.Qc2 Bb7 10.O-O O-O 11.Rd1 b4 12.Ne4 Nxe4 13.Bxe4 Nf6 14.Bd3 c5 15.dxc5 Bxf3
16.gxf3 Rc8 17.Qe2 Rxc5 18.f4 e5 19.fxe5 Rxe5 20.f4 Re7 21.e4 Nxe4 22.Bxe4 Rfe8
23.Rxd6 Qxd6 24.Qd3 Qc5+ 25.Be3 Qh5 26.Bxh7+ Qxh7 27.Qxh7+ Kxh7 28.Bc5 Re1+
29.Rxe1 Rxe1+ 30.Kf2 Rb1 31.Bd4 a5 32.a3 bxa3 33.bxa3 Rb3 34.Bc5 a4 35.Bd6 Kg6
36.Bc5 f5 37.Bd6 Kh5 38.Kg2 Kg4 39.Bf8 g6 40.Bd6 Rb2+ 41.Kg1 Kh3  0-1

[Event "10th European Teams w"]
[Site "Warsaw POL"]
[Date "2013.11.08"]
[Round "1.16"]
[White "Batkovskyte,D"]
[Black "Johannsdottir,J"]
[Result "1-0"]
[WhiteElo "2111"]
[BlackElo "1901"]

1.d4 d5 2.c4 c6 3.Nc3 Nf6 4.e3 e6 5.Nf3 Nbd7 6.Bd3 dxc4 7.Bxc4 b5 8.Bd3 a6
9.e4 c5 10.d5 Qc7 11.O-O Bd6 12.dxe6 fxe6 13.Bxb5 O-O 14.Bd3 c4 15.Bc2 Rb8
16.Qe2 Bb7 17.h3 Ba8 18.Rd1 Bc5 19.Rb1 Nb6 20.Be3 Bxe3 21.Qxe3 Nh5 22.Ne2 h6
23.Nh4 Nd7 24.Ng6 Rf6 25.e5 Qb7 26.f3 Rf7 27.Be4 Qb5 28.g4 Bxe4 29.Qxe4 Qc5+
30.Kg2 Nf8 31.gxh5 Nh7 32.f4 Ng5 33.fxg5 Qf2+ 34.Kh1 Rf3 35.Ng1 Rg3 36.Rf1 Qd2
37.gxh6 gxh6 38.Ne7+ Kg7 39.Rf6 Kh8 40.Rbf1  1-0

[Event "TCh-SVK Ext 2013-14"]
[Site "Trencin SVK"]
[Date "2013.11.09"]
[Round "1.2"]
[White "Repka,C"]
[Black "Schwarz,Du"]
[Result "1-0"]
[WhiteElo "2391"]
[BlackElo "2390"]

1.d4 d5 2.Nf3 Nf6 3.c4 c6 4.e3 e6 5.Nc3 Nbd7 6.Bd3 dxc4 7.Bxc4 b5 8.Be2 Bb7
9.O-O Be7 10.Qc2 Rc8 11.Rd1 O-O 12.Ne4 Qb6 13.Nxf6+ Nxf6 14.Qb3 b4 15.a3 bxa3
16.Qxb6 axb6 17.bxa3 Ne4 18.Bb2 c5 19.Ne5 Rfd8 20.Nc4 cxd4 21.Rxd4 Bc5 22.Rxd8+ Rxd8
23.Rd1 Rxd1+ 24.Bxd1 f6 25.Bf3 Bd5 26.Bxe4 Bxe4 27.Bd4 Bxd4 28.exd4 b5 29.Ne3 Kf7
30.f3 Bc6 31.Kf2 Ke7 32.Ke2 Kd6 33.Kd3 Bd7 34.Kc3 e5 35.dxe5+ Kxe5 36.Kb4 h5
37.Kc5 h4 38.Nd5 g5 39.Nc3 f5 40.Nxb5 h3 41.gxh3 Kf4 42.a4 Kxf3 43.a5 f4
44.Nd6 Ke3 45.a6 Bxh3 46.Ne4 Bg2 47.Nxg5 f3 48.Ne4 f2 49.Nxf2 Kxf2 50.h4  1-0

[Event "TCh-SVK Ext 2013-14"]
[Site "Trencin SVK"]
[Date "2013.11.09"]
[Round "1.2"]
[White "Michalik,P"]
[Black "Manik,M"]
[Result "1/2-1/2"]
[WhiteElo "2576"]
[BlackElo "2404"]

1.d4 d5 2.c4 c6 3.Nf3 Nf6 4.e3 e6 5.Nc3 Nbd7 6.Bd3 Bd6 7.e4 e5 8.cxd5 cxd5
9.exd5 exd4 10.Qe2+ Be7 11.d6 dxc3 12.O-O Nc5 13.Bb5+ Bd7 14.Re1 Ne6 15.dxe7 Qxe7
16.Bg5 Qc5 17.Bd3 Nd5 18.bxc3 O-O 19.Ne5 Bc6 20.Nxc6 bxc6 21.Be3 Qxc3 22.Rac1 Qa5
23.Qh5 g6  1/2-1/2

[Event "FSFMB November 2013"]
[Site "Budapest HUN"]
[Date "2013.11.10"]
[Round "8.2"]
[White "Brassoi-Tarnovszki,Aurel"]
[Black "Szabo,Mik"]
[Result "1/2-1/2"]
[WhiteElo "1592"]
[BlackElo "1315"]

1.d4 d5 2.e3 e6 3.Nf3 Nf6 4.c4 c6 5.Nc3 Be7 6.cxd5 Nxd5 7.Nxd5 cxd5 8.Bd3 Nd7
9.O-O Nf6 10.b3 Bd7 11.Bb2 O-O 12.Rc1 Rc8 13.Rxc8 Qxc8 14.Qc1 Qxc1 15.Rxc1 Rc8
16.Rxc8+ Bxc8  1/2-1/2

[Event "FSIM November 2013"]
[Site "Budapest HUN"]
[Date "2013.11.10"]
[Round "8.1"]
[White "Szeberenyi,A"]
[Black "Nguyen Thi Mai Hung"]
[Result "1/2-1/2"]
[WhiteElo "2314"]
[BlackElo "2204"]

1.d4 d5 2.c4 c6 3.Nc3 Nf6 4.e3 e6 5.Nf3 Nbd7 6.Qc2 Bd6 7.g4 h6 8.Rg1 e5 9.h4 e4
10.Nd2 g5 11.hxg5 hxg5 12.f3 exf3 13.Nxf3 Qe7 14.Nxg5 Rg8 15.e4 dxe4 16.Ngxe4 Bb4
17.Kd1 Rxg4 18.Rxg4 Nxg4 19.Qe2 Ndf6 20.Bg5 Bxc3 21.Nxf6+ Nxf6 22.Qxe7+ Kxe7
23.bxc3 Be6 24.Rb1 b6 25.Rb2 Bg4+ 26.Kc1 Rg8 27.Bh4 Rh8 28.Rh2 Kd7 29.Bg2 Ne8
30.Bg3 Rxh2 31.Bxh2 Be2 32.Bh3+ Kd8 33.Bg2 Bxc4 34.Bxc6 Bxa2 35.Bxe8 Kxe8
36.Kb2 Bc4 37.Ka3 Kd7 38.Kb4 b5 39.d5 Bxd5 40.Kxb5 Bb7 41.Kb4 Kc6 42.c4 Ba6
43.Ka5 Bxc4 44.Kb4 Bb5 45.Ka3 a5 46.Kb2 Kd5 47.Ka1  1/2-1/2

[Event "TCh-CZE Vychod 2013-14"]
[Site "Czech Rep CZE"]
[Date "2013.11.10"]
[Round "2.4"]
[White "Skliba,M"]
[Black "Novosadova,K"]
[Result "0-1"]
[WhiteElo "2290"]
[BlackElo "2185"]

1.d4 d5 2.Nf3 Nf6 3.c4 c6 4.Nc3 e6 5.e3 Nbd7 6.Qc2 Bd6 7.Be2 O-O 8.O-O dxc4
9.Bxc4 b5 10.Be2 Bb7 11.a3 Qc7 12.b4 a5 13.Rb1 axb4 14.axb4 Nd5 15.e4 Nxb4
16.Qb3 Rfb8 17.e5 Bf8 18.Bd2 Nd5 19.Nxd5 exd5 20.Ng5 h6 21.Nh3 Ra4 22.Qe3 Nb6
23.Bc1 Bc8 24.Bd1 Bf5 25.Rb3 Ra1 26.Qf4 Bg6 27.Rg3 Nc4 28.Bb3 Rba8 29.Qg4 Rb1
30.Nf4 Raa1 31.h4 Rxc1 32.Rxc1 Rxc1+ 33.Kh2 Nd2 34.Nxg6 Nf1+ 35.Kh3 Nxg3
36.fxg3 Rh1+  0-1

[Event "TCh-CZE Vychod 2013-14"]
[Site "Czech Rep CZE"]
[Date "2013.11.10"]
[Round "2.4"]
[White "Kratochvil,Jo"]
[Black "Bujnoch,R"]
[Result "1-0"]
[WhiteElo "2233"]
[BlackElo "2240"]

1.Nf3 d5 2.d4 Nf6 3.c4 c6 4.Nc3 e6 5.e3 Nbd7 6.Qc2 Bd6 7.g4 dxc4 8.Bxc4 e5
9.g5 Nd5 10.Bd2 exd4 11.Nxd4 Nxc3 12.Bxc3 Ne5 13.Be2 Qxg5 14.O-O-O Qg6 15.Qxg6 hxg6
16.Nxc6 Nxc6 17.Rxd6 O-O 18.Bf3 Be6 19.b3 a5 20.Kb2 a4 21.h4 axb3 22.axb3 Ra6
23.h5 gxh5 24.Rg1 g6 25.Bxh5 Rfa8 26.Bxg6 Ra2+ 27.Kb1 Rxf2 28.Be4+ Kf8 29.Bxc6 bxc6
30.Bb4 Bf5+ 31.Rd3+  1-0

[Event "FSGM November 2013"]
[Site "Budapest HUN"]
[Date "2013.11.11"]
[Round "8.3"]
[White "Matsenko,S"]
[Black "Arngrimsson,D"]
[Result "1-0"]
[WhiteElo "2454"]
[BlackElo "2397"]

1.Nf3 Nf6 2.c4 c6 3.Nc3 d5 4.e3 e6 5.d4 Nbd7 6.Qc2 Be7 7.Bd3 O-O 8.O-O b6
9.b3 Bb7 10.Bb2 Rc8 11.Rad1 Qc7 12.Ne5 Rfd8 13.f4 c5 14.cxd5 cxd4 15.exd4 Bxd5
16.Nxd5 exd5 17.Qe2 Ne4 18.Rc1 Qd6 19.Bxe4 dxe4 20.Qxe4 Nf6 21.Qb7 Rb8 22.Qc6 Re8
23.Qxd6 Bxd6 24.g3 Nd5 25.Nc4 Bf8 26.Rfe1 Nb4 27.a4 Nd3 28.Rxe8 Rxe8 29.Rd1 Nxb2
30.Nxb2 Re2 31.Nc4 Bb4 32.d5 Bc5+ 33.Kh1 Re7 34.Kg2 f6 35.Kf3 Kf7 36.g4 Rd7
37.h4 a6 38.h5 b5 39.axb5 axb5 40.Ne3 g6 41.hxg6+ hxg6 42.Rh1 Kg7 43.Rc1 Bxe3
44.Kxe3 Rxd5 45.Ke4 Rd7 46.Rc5 Rb7 47.b4 Kf7 48.f5 Re7+ 49.Kd5 Rd7+ 50.Kc6 Rd4
51.Rxb5 Rxg4 52.Rb7+ Kf8 53.b5 gxf5 54.b6 Rc4+ 55.Kb5 Rc1 56.Rc7 Rb1+ 57.Kc5  1-0

[Event "FSIM November 2013"]
[Site "Budapest HUN"]
[Date "2013.11.12"]
[Round "10.1"]
[White "Szeberenyi,A"]
[Black "Kantor,G"]
[Result "0-1"]
[WhiteElo "2314"]
[BlackElo "2322"]

1.d4 d5 2.c4 c6 3.Nc3 Nf6 4.e3 e6 5.Nf3 Nbd7 6.Qc2 Bd6 7.g4 h6 8.Rg1 e5 9.h4 exd4
10.Nxd4 Ne5 11.cxd5 c5 12.f4 Nfxg4 13.Bb5+ Kf8 14.fxe5 Qxh4+ 15.Kd1 Nf2+
16.Ke2 cxd4 17.exd6 Qh2 18.exd4 Ng4+ 19.Kd1 Qxg1+ 20.Ke2 Qf2+ 21.Kd1 Qxd4+  0-1

[Event "Chinese Teams 2013"]
[Site "Shijiazhuang CHN"]
[Date "2013.11.12"]
[Round "16.3"]
[White "Zhou Weiqi"]
[Black "Lou Yiping"]
[Result "1/2-1/2"]
[WhiteElo "2622"]
[BlackElo "2491"]

1.d4 d5 2.c4 c6 3.Nf3 Nf6 4.Nc3 e6 5.e3 Nbd7 6.Qc2 Bd6 7.Bd3 O-O 8.O-O e5
9.cxd5 cxd5 10.e4 exd4 11.Nxd4  1/2-1/2

[Event "23rd World Seniors 2013"]
[Site "Opatija CRO"]
[Date "2013.11.13"]
[Round "2.27"]
[White "Grabow,P"]
[Black "Filipenko,A"]
[Result "0-1"]
[WhiteElo "2157"]
[BlackElo "2288"]

1.d4 d5 2.c4 e6 3.Nc3 c6 4.Nf3 Nf6 5.e3 Nbd7 6.b3 Bb4 7.Bd2 Qe7 8.Be2 O-O
9.O-O b6 10.Rc1 Bb7 11.cxd5 exd5 12.Rc2 Bd6 13.h3 Rae8 14.Nh2 Ne4 15.Nxe4 dxe4
16.f4 exf3 17.Bxf3 Nf6 18.Ng4 Ne4 19.Nf2 c5 20.Nxe4 Bxe4 21.Bxe4 Qxe4 22.Bc1 Rd8
23.Re2 Rfe8 24.Bb2 Be5 25.Qc2 Bxd4 26.Qxe4 Rxe4 27.Bxd4 cxd4 28.Rd1 Rde8
29.Kf2 dxe3+ 30.Kf3 f5 31.g4 fxg4+ 32.hxg4 Kf7 33.Rd7+ R8e7 34.Rxa7 Rxa7
35.Kxe4 b5 36.Kf3 Kf6 37.Rc2 Re7 38.Rc6+ Ke5 39.a4 e2 40.Rc1 Kd4 41.Re1 Kd3  0-1

[Event "World Seniors w 2013"]
[Site "Opatija CRO"]
[Date "2013.11.14"]
[Round "3.6"]
[White "Khropova,L"]
[Black "Kierzek,Mi"]
[Result "1-0"]
[WhiteElo "2009"]
[BlackElo "2005"]

1.d4 d5 2.Nf3 Nf6 3.c4 c6 4.Nc3 e6 5.e3 Bd6 6.Bd3 O-O 7.O-O dxc4 8.Bxc4 b5
9.Bd3 Bb7 10.Qe2 b4 11.Na4 Nbd7 12.e4 e5 13.dxe5 Nxe5 14.Nxe5 Bxe5 15.Be3 Bd4
16.Nc5 Bc8 17.Nb3 Bxe3 18.Qxe3 Re8 19.f3 Qb6 20.Qf2 Ba6 21.Rfd1 Bxd3 22.Rxd3 Rad8
23.Rdd1 h6 24.Rac1 Rxd1+ 25.Rxd1 Rc8 26.Qc5 Qxc5+ 27.Nxc5 Kf8 28.Rd4 a5 29.b3 Ke7
30.Kf2 Rc7 31.Ke3 Ne8 32.e5 Ra7 33.Ke4 Rc7 34.f4 g6 35.g4 Ra7 36.f5 Rc7 37.f6+ Kf8
38.Rd8 g5 39.e6 fxe6 40.Nxe6+ Kf7  1-0

[Event "23rd World Seniors 2013"]
[Site "Opatija CRO"]
[Date "2013.11.14"]
[Round "3.49"]
[White "Giulian,P"]
[Black "Schwertel,J"]
[Result "1-0"]
[WhiteElo "2244"]
[BlackElo "2016"]

1.d4 d5 2.c4 c6 3.Nf3 Nf6 4.Nc3 e6 5.e3 Nbd7 6.Bd3 Bb4 7.O-O dxc4 8.Bxc4 Nd5
9.Qc2 Nxc3 10.bxc3 Be7 11.e4 O-O 12.Bf4 Qa5 13.Rfe1 Re8 14.Bd3 Nf8 15.Ne5 Ng6
16.Nc4 Qd8 17.Bg3 Rf8 18.Rad1 Bh4 19.Bxh4 Nxh4 20.e5 Ng6 21.Re3 b5 22.Nd2 a5
23.Nb3 Rb8 24.Be4 Qb6 25.Nc5 Rd8 26.Rh3 b4 27.c4 Bd7 28.Qe2 Nf4 29.Bxh7+ Kf8
30.Qf3 Nxh3+ 31.Qxh3 Be8 32.Bc2 Rxd4 33.Rxd4 Qxc5 34.Qh8+ Ke7 35.Qh4+ Kf8
36.Qh8+ Ke7 37.Qh4+ Kf8 38.Re4 Kg8 39.Re3 Kf8 40.Re4 g6 41.Qf6  1-0